000 00740cam a2200205 i 4500
999 _c58069
_d58069
001 19434275
005 20210607133525.0
008 170109t20162016cau 001 0 eng d
020 _a9781118898574
041 _aeng
080 _a376.2 G-71
100 1 _aGreene, Ross W.,
_911968
245 1 0 _aLost and found :
_bhelping behaviorally challenging students (and, while you're at it, all the others) /
_cRoss W. Greene.
264 4 _cFrancisco, CA :
_aJossey-Bass,
_b2016.
300 _a203 pages ;
_c24 cm.
653 _aქცევის დარღვევები ბავშვებში
653 _aპედაგოგიკა
653 _aРасстройства поведения у детей
942 _2udc
_cBK